Management of tourism ecosystem services in a post pandemic context global perspective (Record no. 1224987)
[ view plain ]
| 000 -LEADER | |
|---|---|
| fixed length control field | 00831nam a2200229Ia 4500 |
| 005 - DATE AND TIME OF LATEST TRANSACTION | |
| control field | 20241129104230.0 |
| 008 - FIXED-LENGTH DATA ELEMENTS--GENERAL INFORMATION | |
| fixed length control field | 241129s9999||||xx |||||||||||||| ||und|| |
| 020 ## - INTERNATIONAL STANDARD BOOK NUMBER | |
| International Standard Book Number | 9781032248080 |
| 037 ## - SOURCE OF ACQUISITION | |
| Stock number | Textual |
| 040 ## - CATALOGING SOURCE | |
| Original cataloging agency | RTL |
| Language of cataloging | eng |
| Transcribing agency | RTL |
| 041 ## - LANGUAGE CODE | |
| Language code of text/sound track or separate title | eng |
| Source of code | eng |
| 084 ## - COLON CLASSIFICATION NUMBER | |
| Classification number | U8 R3 |
| Assigning agency | RTL |
| 100 ## - MAIN ENTRY--PERSONAL NAME | |
| Personal name | Gowreesunkar Vanessaa G. B; Maingi Shem Wambuhu; Mingate F. L. Mogambi |
| 9 (RLIN) | 725348 |
| 245 #0 - TITLE STATEMENT | |
| Title | Management of tourism ecosystem services in a post pandemic context global perspective |
| Statement of responsibility, etc. | Gowreesunkar Vanessaa G. B; Maingi Shem Wambuhu; Mingate F. L. Mogambi |
| 260 ## - PUBLICATION, DISTRIBUTION, ETC. | |
| Place of publication, distribution, etc. | London |
| Name of publisher, distributor, etc. | Routledge Taylor and Francis Group |
| Date of publication, distribution, etc. | 2023 |
| 300 ## - PHYSICAL DESCRIPTION | |
| Extent | xxx 415p. |
| 365 ## - TRADE PRICE | |
| Price type code | INR |
| Price amount | 13834.6 |
| 490 ## - SERIES STATEMENT | |
| Series statement | Routledge Insights in tourism series |
| 650 ## - SUBJECT ADDED ENTRY--TOPICAL TERM | |
| Topical term or geographic name entry element | Sociology; Tourism |
| 9 (RLIN) | 289015 |
| 942 ## - ADDED ENTRY ELEMENTS (KOHA) | |
| Koha item type | Textbook |
| Classification part | U8 R3 |
| Withdrawn status | Lost status | Damaged status | Not for loan | Home library | Current library | Date acquired | Source of acquisition | Cost, normal purchase price | Inventory number | Total Checkouts | Full call number | Barcode | Date last seen | Date last checked out | Price effective from | Koha item type |
|---|---|---|---|---|---|---|---|---|---|---|---|---|---|---|---|---|
| Ratan Tata Library | Ratan Tata Library | 2024-11-29 | Shivam book service | 13834.60 | 105 & 20/12/2023 | 1 | U8 R3 | RT1502923 | 2026-02-04 | 2026-02-02 | 2024-11-29 | Textbook |
